Statistiques concernant Noël par lettre - P

Cliquez ici pour prendre le quiz!

Statistiques générales

  • Ce quiz a été pris 218 fois
  • Le résultat moyen est 6 sur 10

Statistiques - réponses

IndiceRéponse% Correct
Il apporte aux enfants leurs cadeaux
dans la nuit du 24 au 25 décembre
Père Noël
100%
Pour glisser sur la glace, parfois artistiquementPatin
94%
Etat non-reconnu où naquit JésusPalestine
81%
Canard de fiction richissime dont la première
apparition a lieu le jour de Noël, sur le Mont Ours
Balthazar Picsou
77%
Message adressé à Dieu pouvant notamment être
présenté à l'occasion de la messe de minuit
Prière
76%
Région inhabitée abritant selon certain
la fabrique de jouets de ⬆️
Pôle Nord
72%
Gâteau, dessert de Noël par excellence
dans les Iles Britanniques
Pudding
68%
Brioche piémontaise contenant raisins secs et
autres fruits confits dégustée pour Noël
Panettone
44%
Autre nom de la plante à fleur généralement
appelée "étoile de Noël"
Poinsettia
19%
Chanson de Noël qui connut une reprise à succès
par Garou en 2014, devenant l'hymne du Téléthon
Petit Garçon
5%

Distribution des résultats

Percentile par nombre de réponses

% des personnes avec chaque résultat

Votre développement - résultats

Vous n’avez pas pris ce quiz